Dialogos Iberoamericanos III Simposio Internacional (Record no. 473)

MARC details
000 -LEADER
campo de control de longitud fija 01113 a2200157 4500
008 - DATOS DE LONGITUD FIJA--INFORMACIÓN GENERAL
campo de control de longitud fija 150320b xxu||||| |||| 00| 0 eng d
020 ## - NÚMERO INTERNACIONAL ESTÁNDAR DEL LIBRO
Número Internacional Estándar del Libro 8448228138
082 ## - NÚMERO DE LA CLASIFICACIÓN DECIMAL DEWEY
Número de clasificación 707
Número de ítem D 536dIII
100 ## - ENTRADA PRINCIPAL--NOMBRE DE PERSONA
Nombre de persona Power, K. et all; Subsecretaria de Promocio Cultural (editor)
9 (RLIN) 2259
245 ## - MENCIÓN DEL TÍTULO
Título Dialogos Iberoamericanos III Simposio Internacional
Resto del título "Continente de Crisis y promesas. Puzzle no resuelto"
260 ## - PUBLICACIÓN, DISTRIBUCIÓN, ETC.
Lugar de publicación, distribución, etc. España
Nombre del editor, distribuidor, etc. Martín Impresores S.L.
Fecha de publicación, distribución, etc. 2001
300 ## - DESCRIPCIÓN FÍSICA
Extensión 160 p.
Dimensiones 24 cm.
505 ## - NOTA DE CONTENIDO CON FORMATO
Título Presentaciones
-- Relación de conferenciantes
-- Continente de Crisis y Promesas, Puzzle no resuelto
-- Los Parpadeos del Aura (Consideraciones sobre ciertos apuros de la critica actual)
Mención de responsabilidad Ticio Escobar
Título Venezuela en los 90s: contexto o descontexto del arte?
Mención de responsabilidad Cecilia Fajardo Hill
Título Huella, Excavación, Disposición
Mención de responsabilidad Justo Pastor Mellado
Título ¿Feminización del arte en Centroamerica?
Mención de responsabilidad Virginia Pérez Ratton
Título Brasil: años 90: Un perfil del medio artistico
Mención de responsabilidad Aracy Amaral
Título Memoria e Incisión en el Arte Uruguayo de los Noventa
Mención de responsabilidad Gabriel Peluffo Linari
Título Traducción al portugués
650 ## - PUNTO DE ACCESO ADICIONAL DE MATERIA--TÉRMINO DE MATERIA
Subdivisión general Simposio
9 (RLIN) 2260
700 ## - ENTRADA AGREGADA--NOMBRE PERSONAL
Nombre de persona Kevin Power et all
9 (RLIN) 2258
Holdings
Estatus retirado Estado de pérdida Fuente del sistema de clasificación o colocación Estado de daño No para préstamo Biblioteca de origen Biblioteca actual Ubicación en estantería Fecha de adquisición Total de préstamos Signatura topográfica completa Código de barras Visto por última vez Fecha del último préstamo Precio de reemplazo Tipo de ítem Koha
    Clasificación Decimal Dewey     Biblioteca LadoV Biblioteca LadoV   20/03/2015 1 707 D 536dIII 000397 18/03/2021 13/03/2019 20/03/2015 Material 01